|
|
|
|
| LEADER |
00000naa0a2200000 4500 |
| 001 |
648332 |
| 005 |
20250905163250.0 |
| 035 |
|
|
|a (RuTPU)RU\TPU\network\13489
|
| 035 |
|
|
|a RU\TPU\network\1876
|
| 090 |
|
|
|a 648332
|
| 100 |
|
|
|a 20160517d2016 k y0rusy50 ca
|
| 101 |
0 |
|
|a rus
|
| 102 |
|
|
|a RU
|
| 135 |
|
|
|a drcn ---uucaa
|
| 181 |
|
0 |
|a i
|
| 182 |
|
0 |
|a b
|
| 200 |
1 |
|
|a Использование погружного электроцентробежного насоса на скважине 53 Вуктыльского месторождения в условиях высокого газосодержания в пластовых флюидах
|d Submersible centrifugal pump application in the conditions of the reservior fluids high gas content for Vuktylskoye oil field
|f Р. К. Коротченко, Ю. А. Максимова
|g науч. рук. Ю. А. Максимова
|
| 203 |
|
|
|a Текст
|c электронный
|
| 300 |
|
|
|a Заглавие с экрана
|
| 461 |
|
|
|t Нефть и газ - 2016
|o юбилейная 70-я Международная молодежная научная конференция, приуроченная к III Национальному нефтегазовому форуму, Москва, 18-20 апреля 2016 г.
|o тезисы докладов
|d 2016
|
| 463 |
|
|
|t Т. 1
|v [С. 214]
|d 2016
|
| 510 |
1 |
|
|a Submersible centrifugal pump application in the conditions of the reservior fluids high gas content for Vuktylskoye oil field
|z eng
|
| 610 |
1 |
|
|a электронный ресурс
|
| 610 |
1 |
|
|a труды учёных ТПУ
|
| 700 |
|
1 |
|a Коротченко
|b Р. К.
|g Роман Константинович
|
| 701 |
|
1 |
|a Максимова
|b Ю. А.
|c специалист в области нефтепромыслового оборудования
|c старший преподаватель Томского политехнического университета
|f 1979-
|g Юлия Анатольевна
|3 (RuTPU)RU\TPU\pers\32094
|9 16133
|
| 702 |
|
1 |
|a Максимова
|b Ю. А.
|c специалист в области нефтепромыслового оборудования
|c ассистент кафедры Томского политехнического университета
|f 1979-
|g Юлия Анатольевна
|4 727
|
| 712 |
0 |
2 |
|a Национальный исследовательский Томский политехнический университет (ТПУ)
|b Институт природных ресурсов (ИПР)
|b Кафедра геологии и разработки нефтяных месторождений (ГРНМ)
|3 (RuTPU)RU\TPU\col\18657
|
| 801 |
|
1 |
|a RU
|b 63413507
|c 20141010
|
| 801 |
|
2 |
|a RU
|b 63413507
|c 20160517
|g RCR
|
| 856 |
4 |
|
|u http://smno.gubkin.ru/Doc/2016Tezisy1.pdf#page=215
|
| 942 |
|
|
|c CF
|